Imagining India

Guardat en:
Dades bibliogràfiques
Autor principal: Nandan Nilekani
Format: Llibre
Publicat: Penguin
Matèries:
Etiquetes: Afegir etiqueta
Sense etiquetes, Sigues el primer a etiquetar aquest registre!

MARC

LEADER 00000nam a2200000Ia 4500
005 20260427112644.0
526 |b Economics 
100 |a Nandan Nilekani 
020 |a 9780143067078 
650 |a Indian Economy 
526 |a Bachelors 
942 |c BK 
245 |a Imagining India 
260 |b Penguin 
999 |c 19  |d 19 
952 |0 0  |1 0  |4 0  |7 0  |8 1  |a BRISTOL  |b BRISTOL  |d 2026-04-22  |l 0  |p 000018  |r 2026-04-27 11:26:45  |w 2026-04-27  |y BK